| 000 | 00685nam a22001217a 4500 | ||
|---|---|---|---|
| 040 | _cRUA | ||
| 082 | _aLMA KIM 2025 B701 Or.1 | ||
| 100 | _aKIM SOKLY, គឹម សុខលី | ||
| 245 | _aA study on requesting public service via electronic system in the land sector in doungkor district, cambodia, សិក្សាពីការស្នើរសុំសេវាសាធារណៈតាមប្រព័ន្ធអេឡិចត្រូនិចលើវិស័យសុរិយោដី ស្ថិតនៅខណ្ឌដង្កោ រាជធានីភ្នំពេញ | ||
| 260 |
_aPHNOM PENH _bRUA _c2025 |
||
| 300 |
_axi,51p. _bill. _c29cm. |
||
| 942 | _cLMA | ||
| 999 |
_c25755 _d25755 |
||